000 00981cam a22002651i 4500
003 SA-RiAUC
005 20251120124004.0
008 251005s1997 ua g 000 0 ara c
040 _aSA-JeALM
_bara
_cSA-RiAUC
_erda
050 1 4 _b.A22 1997
082 0 4 _a233
_qSA-RiAUC
090 _a233
_bع ل ي
100 1 _aعلي، عبد الله شعبان
_eمؤلف.
245 1 0 _aاختلافات المحدثين والفقهاء في الحكم على الحديث /
_cعبد الله شعبان علي.
264 1 _aالقاهرة :
_bدار الحديث،
_c1997
300 _a706 صفحة ؛
_c24 سم
336 _aنص
_btxt
_2rdacontent
_3كتاب
337 _aبدون وسيط
_bn
_2rdamedia
338 _aمجلد
_bnc
_2rdacarrier
650 7 _aالحديث
_xرواية
_2aucsh
650 7 _aالحديث
_xإسناد
_2aucsh
650 7 _aالحديث
_xالجرح والتعديل
_2aucsh
942 _2ddc
_cBOOK
_n0
949 _aSA-JeALM
_d251005
_uosman123
_n1
999 _c13368
_d13368